[Event "GER-ch52 V11 email"]
[Site "GER email"]
[Date "2020.04.16"]
[Round "?"]
[White "Hild, Harald"]
[Black "Lehnhoff, Heinz Georg"]
[Result "1/2-1/2"]
[WhiteElo "2409"]
[BlackElo "2312"]
[PlyCount "70"]
[EventDate "2020.??.??"]
[EventType "tourn (corr)"]
[EventRounds "10"]
[EventCountry "GER"]
[SourceTitle "Corr 2022"]
[Source "ChessBase"]
[SourceDate "2021.10.24"]
[SourceVersion "1"]
[SourceVersionDate "2021.10.24"]
[SourceQuality "1"]

1. e4 c5 2. Nf3 d6 3. d4 cxd4 4. Nxd4 Nf6 5. Nc3 a6 6. Be3 e5 7. Nb3 Be6 8. Qd2 Nbd7 9. f3 h5 10. a4 Be7 11. Be2 Qc7 12. 0-0 0-0 13. Bf2 Rac8 14. Rfd1 Rfd8 15. Qe1 Nf8 16. a5 Qb8 17. Bb6 Rd7 18. Bd3 d5 19. exd5 Nxd5 20. Nxd5 Rxd5 21. Kh1 Nd7 22. Bf2 Qc7 23. Nd2 Nc5 24. Bf1 Nd7 25. Nc4 Rxd1 26. Rxd1 Bxc4 27. Bxc4 Qxc4 28. Rxd7 Bf6 29. c3 Qb5 30. Qd2 Bg5 31. Qd5 Qxd5 32. Rxd5 Bc1 33. Rxe5 Bxb2 34. Rxh5 Rxc3 35. h4 Rc1+ 1/2-1/2

[Event "GER-ch52 V11 email"]
[Site "GER email"]
[Date "2020.04.16"]
[Round "?"]
[White "Lehnhoff, Heinz Georg"]
[Black "Kermer, Wolf Dieter"]
[Result "1/2-1/2"]
[WhiteElo "2312"]
[BlackElo "2386"]
[PlyCount "59"]
[EventDate "2020.??.??"]
[EventType "tourn (corr)"]
[EventRounds "10"]
[EventCountry "GER"]
[SourceTitle "Corr 2022"]
[Source "ChessBase"]
[SourceDate "2021.10.24"]
[SourceVersion "1"]
[SourceVersionDate "2021.10.24"]
[SourceQuality "1"]

1. d4 Nf6 2. c4 e6 3. Nf3 d5 4. g3 dxc4 5. Bg2 Bb4+ 6. Bd2 a5 7. Qc2 Bxd2+ 8. Qxd2 c6 9. a4 Ne4 10. Qc1 Nd6 11. 0-0 b5 12. Nbd2 0-0 13. Rd1 Ba6 14. Qc2 Ra7 15. e3 h6 16. Ne5 Qc7 17. b3 cxb3 18. Nxb3 bxa4 19. Rxa4 Nb7 20. Ra3 Bb5 21. Rb1 a4 22. Nd2 Nd6 23. Rc3 Qe7 24. h4 Rc7 25. Ne4 Nxe4 26. Bxe4 Rb7 27. Ra1 Ra7 28. Bh7+ Kh8 29. Be4 Kg8 30. Bh7+ 1/2-1/2

[Event "WC-2020-S-00002"]
[Site "LSS email"]
[Date "2020.04.01"]
[Round "?"]
[White "Lehnhoff, Heinz Georg"]
[Black "Pascual Perez, Norge"]
[Result "1/2-1/2"]
[WhiteElo "2342"]
[BlackElo "2451"]
[PlyCount "71"]
[EventDate "2020.04.01"]
[EventType "tourn (corr)"]
[EventRounds "12"]
[EventCountry "GER"]
[SourceTitle "Corr 2022"]
[Source "ChessBase"]
[SourceDate "2021.10.24"]
[SourceVersion "1"]
[SourceVersionDate "2021.10.24"]
[SourceQuality "1"]

1. d4 Nf6 2. c4 e6 3. Nf3 d5 4. g3 dxc4 5. Bg2 a6 6. 0-0 Nc6 7. e3 Bd7 8. Qe2 Bd6 9. Qxc4 0-0 10. Rd1 Rb8 11. Nbd2 Qe7 12. Qe2 e5 13. dxe5 Nxe5 14. Nxe5 Bxe5 15. Nc4 Ba4 16. Rd2 Rfd8 17. Rb1 Bb5 18. b3 a5 19. Ba3 Qxa3 20. Nxa3 Bxe2 21. Rxe2 Nd5 22. Bxd5 Rxd5 23. e4 Rd3 24. Nc4 Bc3 25. Re3 Rbd8 26. Rxd3 Rxd3 27. Rc1 Bb4 28. Kf1 Kf8 29. Ne5 Rc3 30. Rxc3 Bxc3 31. Nc4 b5 32. Ne3 Bb2 33. f4 Ke7 34. Ke2 Ke6 35. Kd3 g6 36. Nd1 1/2-1/2

[Event "WC-2020-S-00002"]
[Site "LSS email"]
[Date "2020.04.01"]
[Round "?"]
[White "Steinke, Ruediger"]
[Black "Lehnhoff, Heinz Georg"]
[Result "1/2-1/2"]
[WhiteElo "2321"]
[BlackElo "2342"]
[PlyCount "32"]
[EventDate "2020.04.01"]
[EventType "tourn (corr)"]
[EventRounds "12"]
[EventCountry "GER"]
[SourceTitle "Corr 2022"]
[Source "ChessBase"]
[SourceDate "2021.10.24"]
[SourceVersion "1"]
[SourceVersionDate "2021.10.24"]
[SourceQuality "1"]

1. e4 c5 2. Nf3 d6 3. Bb5+ Bd7 4. c4 Nf6 5. Nc3 g6 6. Bxd7+ Nbxd7 7. d4 cxd4 8. Nxd4 Bg7 9. 0-0 0-0 10. b3 a6 11. Bb2 Rc8 12. Qe2 Re8 13. Rad1 Qa5 14. Rfe1 Nb8 15. Na4 Nfd7 16. Bc3 Qc7 1/2-1/2